000 00426nam a2200193Ia 4500
008 240509s9999 xx 000 0 und d
020 _a0008120323009
041 _aEng
082 _a658.4038
082 _bC42
100 _aCLEARY ,P.J.
245 4 _aTHE NEGOTIATION HANDBOOK
260 _bNEW DELHI : PRINTICE HALL
260 _c2001
300 _a179 p.
650 _aMANAGEMENT
942 _2ddc
942 _cRBK
999 _c22966
_d22966
945 _a1
_bMadushi Gamage
_c1
_dMadushi Gamage